1489 1223 1033 1642 1036 1690 1872 1116 1683 1007 1241 1782 1552 1147 1043 1221 1284 1984 1021 1476 1186 1395 1938 1123 1695 1065 1704 1634 1887 1497 1843 1462 1163 1445 1070 1243 1086 1314 1150 1645 1568 1782 1557 1528 1196 1373 1743 1166 1279 1090 1532 1606 1972 1643 1357 1968 1999 1197 1165 1998 1751 1401 1205 1399 1177 1835 1823 1327 1361 1917 1258 1645 1634 1811 1568 1161 1179 1811 1128 1870 1699 1014 1146 1316 1311 1226 1117 1826 1713 1551 1444 1599 1274 1008 1619 1709 1583 1840 1064 BCNSPRNW ULIB Ver.6.0+V

เปลี่ยนเป็นภาษาไทย

Change to English
 แสดงรายละเอียดบรรณานุกรม
  กลับหน้าหลัก

Brief Record : Get Marc (ISO 2709) : E-mail record : QR code < ปิดหน้าต่าง
LEADER : 00000nam 2200000uu 4500
001    13399110937
003     ULIB
008    110613s||||||||th 000 0 tha d
020    9749183320
050  4 AC158^bร477ด 2004
100    ริชาร์ด มีด
245    เด็กๆรู้ไหมทำไมโทรศัพท์ดังกริ๊งกร๊าง /^cผู้แต่ง ริชาร์ด มีด
260    กรุงเทพฯ : ^bโกรเลียร์ อินเตอร์เนชั่นแนล, ^c2004
300    32 หน้า : ^bภาพประกอบสี ; ^c28 ซม.
650  7 ความรู้รอบตัว
650  7 ธงชาติ
945    ^p350^l0^i029029
995    ทศพร
999 ^a ใช้งานได้ทุกระบบ
รายการนี้ยังไม่มีแท็ก
คุณยังไม่ได้ล็อกอิน คุณสามารถมีกิจกรรมร่วมกับเว็บไซต์ได้ แต่ต้องล็อกอินก่อน ::
  ล็อกอิน

รายการสื่อสารสนเทศ

ลำดับที่ ประเภท เลขเรียก/บาร์โค้ด สถานที่ สถานะ
- ไม่พบข้อมูล -

รายการใกล้เคียง
    หัวเรื่อง [ความรู้รอบตัว]
    หัวเรื่อง [ธงชาติ]

BibComment


ยังไม่เคยถูกคอมเมนท์

คอมเมนท์ทรัพยากรรายการนี้
  คอมเมนท์: เด็กๆรู้ไหมทำไมโท..


 Copyright 2026. Bcnsprnw @Library